| 000 | 00705cab a2200217 4500 | ||
|---|---|---|---|
| 001 | X92380 | ||
| 008 | 090401t1998 xxu||||| |||| 00| 0 eng d | ||
| 035 | _a(Sirsi) u87846 | ||
| 041 | _aeng | ||
| 245 | _aQV Ltd and anothet v Frederick F Smith and others | ||
| 260 | _c1998 | ||
| 350 | _a0 | ||
| 490 |
_aConstruction Industry Law Letter _v1998 cill 1403-1405 |
||
| 520 | _aORB 7 April 1998. Designers` duty of skill and care. Implied terms of fitness for purpose and merchantable quality. (Taken from journal abstract) | ||
| 650 | _aDESIGN QUALITY | ||
| 650 | _aDUTY OF CARE | ||
| 650 | _aIMPLIED TERMS | ||
| 690 | _aBUILDING AND CONSTRUCTION-CASE LAW | ||
| 942 | _n0 | ||
| 948 | _c05/08/1998 | ||
| 999 |
_c55445 _d55445 |
||